000 00460nam a2200169Ia 4500
008 140529s9999 xx 000 0 und d
020 _a9781400042760
050 _aPS 3610.O6275
_b.J76 2007
100 _aJones, Nalini.
245 _aWhat you call winter :
_bstories /
_cNalini Jones
260 _aNew York :
_bAlfred A. Knopf,
_cc2007.
300 _a251 p. ;
_c22 cm.
521 _aGE
650 _aIndia
_xFiction.
942 _kFOR
_cBK
999 _c117806
_d117806